| 000 | 00418nam a22001457a 4500 | ||
|---|---|---|---|
| 082 |
_a355.33041 _bCHI _cD |
||
| 100 |
_aChibber, ML Lt Gen Dr _948804 |
||
| 245 | _aHow to be a successful leader | ||
| 260 |
_aRawalipindi _bArmy Education Press _c2000 |
||
| 300 |
_axix, 195 p; _bill |
||
| 526 |
_a0 _b0 _c0 _d355_330410000000000_CHI |
||
| 526 |
_a0 _b0 _c0 _d355_330410000000000_CHI |
||
| 650 |
_aMCE _9379 |
||
| 942 |
_2ddc _cBK |
||
| 999 |
_c551661 _d551661 |
||